[Event "ZL-2021-0-02314"]
[Site "LSS email"]
[Date "2021.03.05"]
[Round "?"]
[White "Bottoni, Carlo"]
[Black "Shim Ng Min, Francis"]
[Result "1-0"]
[WhiteElo "1531"]
[BlackElo "1063"]
[PlyCount "69"]
[EventDate "2021.03.05"]
[EventType "match (corr)"]
[EventRounds "2"]
[EventCountry "GER"]
[SourceTitle "Corr 2022"]
[Source "ChessBase"]
[SourceDate "2021.10.24"]
[SourceVersion "1"]
[SourceVersionDate "2021.10.24"]
[SourceQuality "1"]

1. d4 Nf6 2. Nc3 d5 3. Bg5 e6 4. e4 dxe4 5. Nxe4 Be7 6. Bxf6 Bxf6 7. Nxf6+ Qxf6 8. c3 0-0 9. Bd3 e5 10. Qh5 g6 11. Qxe5 Qc6 12. Qg3 Be6 13. Ne2 Bc4 14. Bxc4 Qxc4 15. b3 Qc6 16. 0-0 Nd7 17. c4 Qd6 18. Qxd6 cxd6 19. Nc3 Nf6 20. Rfe1 Rfd8 21. a4 a6 22. a5 Re8 23. f3 Rxe1+ 24. Rxe1 Re8 25. Rxe8+ Nxe8 26. g4 g5 27. Ne4 f6 28. Kg2 Kf7 29. f4 h6 30. Kf3 Ke7 31. Ng3 Kf7 32. Nf5 Kg6 33. d5 h5 34. c5 dxc5 35. d6 1-0

[Event "ZL-2021-0-02314"]
[Site "LSS email"]
[Date "2021.03.05"]
[Round "?"]
[White "Shim Ng Min, Francis"]
[Black "Bottoni, Carlo"]
[Result "0-1"]
[WhiteElo "1063"]
[BlackElo "1531"]
[PlyCount "34"]
[EventDate "2021.03.05"]
[EventType "match (corr)"]
[EventRounds "2"]
[EventCountry "GER"]
[SourceTitle "Corr 2022"]
[Source "ChessBase"]
[SourceDate "2021.10.24"]
[SourceVersion "1"]
[SourceVersionDate "2021.10.24"]
[SourceQuality "1"]

1. e4 e5 2. Nf3 Nf6 3. d4 exd4 4. e5 Ne4 5. Qxd4 d5 6. exd6 Nxd6 7. Bf4 Nc6 8. Qd2 Qe7+ 9. Qe3 Nb4 10. Na3 Bg4 11. Qxe7+ Bxe7 12. Be2 Nd5 13. Bxd6 Bxd6 14. 0-0-0 0-0-0 15. Nc4 Nf4 16. Nxd6+ Rxd6 17. Bd3 Nxg2 0-1

[Event "OP-2020-0-04915"]
[Site "LSS email"]
[Date "2020.01.30"]
[Round "?"]
[White "Pech, Jaroslav Sr"]
[Black "Bottoni, Carlo"]
[Result "1-0"]
[WhiteElo "1761"]
[BlackElo "1610"]
[PlyCount "129"]
[EventDate "2020.01.25"]
[EventType "tourn (corr)"]
[EventRounds "4"]
[EventCountry "GER"]
[SourceTitle "Corr 2022"]
[Source "ChessBase"]
[SourceDate "2021.10.24"]
[SourceVersion "1"]
[SourceVersionDate "2021.10.24"]
[SourceQuality "1"]

1. d4 Nf6 2. c4 e6 3. Nc3 d5 4. Nf3 c6 5. e3 Nbd7 6. Bd3 dxc4 7. Bxc4 Bd6 8. 0-0 0-0 9. Qc2 e5 10. Bb3 h6 11. h3 Re8 12. a4 exd4 13. Nxd4 Qa5 14. Nf5 Bf8 15. Rd1 Ne5 16. Ng3 Be6 17. Bxe6 Rxe6 18. b3 Rd8 19. Bb2 Red6 20. Rxd6 Bxd6 21. Nce2 Nd5 22. Nf5 Ne7 23. Nxd6 Rxd6 24. b4 Qd5 25. Bd4 Nc8 26. Nf4 Qc4 27. Qb2 f6 28. Bxe5 fxe5 29. Qxe5 Qf7 30. a5 g5 31. Ne2 Rd2 32. Qb8 Qf8 33. Re1 Nd6 34. Qxa7 Qf7 35. a6 Kh7 36. Qa8 bxa6 37. Qxc6 Qc4 38. Qb6 Qf7 39. Qxa6 Nc4 40. Qc6 Ne5 41. Qc3 Qd5 42. b5 Nc4 43. Nd4 Qf7 44. f3 Ra2 45. Rc1 Ne5 46. Qc8 Ra7 47. b6 Rd7 48. Rc5 Ng6 49. Rc7 Nf8 50. Nc6 Qg7 51. Qxf8 Rxc7 52. Qf5+ Kg8 53. Qd5+ Rf7 54. Ne5 Qxe5 55. Qxe5 Rf8 56. b7 Rd8 57. b8Q Rxb8 58. Qxb8+ Kf7 59. Qd6 h5 60. e4 Kg7 61. e5 g4 62. Qf6+ Kg8 63. e6 Kh7 64. e7 gxf3 65. gxf3 1-0

[Event "CP-2018-P-00036"]
[Site "LSS email"]
[Date "2018.09.27"]
[Round "?"]
[White "Bottoni, Carlo"]
[Black "Herzog, Agnes"]
[Result "0-1"]
[WhiteElo "1679"]
[BlackElo "1881"]
[PlyCount "164"]
[EventDate "2018.10.01"]
[EventType "tourn (corr)"]
[EventRounds "6"]
[EventCountry "GER"]
[SourceTitle "Corr 2022"]
[Source "ChessBase"]
[SourceDate "2021.10.24"]
[SourceVersion "1"]
[SourceVersionDate "2021.10.24"]
[SourceQuality "1"]

1. e4 e5 2. Nf3 Nc6 3. Bc4 Bc5 4. Nc3 Nf6 5. d3 h6 6. 0-0 d6 7. Nd5 Nxd5 8. exd5 Ne7 9. Be3 Bxe3 10. fxe3 0-0 11. d4 e4 12. Nd2 f5 13. a4 a6 14. Qe1 Bd7 15. a5 Bb5 16. b3 Qd7 17. Qg3 Kh7 18. Bxb5 axb5 19. c4 g6 20. Qh3 Qe8 21. g4 bxc4 22. bxc4 Ra6 23. gxf5 gxf5 24. Kh1 Rg8 25. Rab1 Rxa5 26. Rxb7 Qd8 27. Rb2 Rg7 28. Qh4 Qe8 29. Qf2 Qg6 30. Rbb1 Ra2 31. Rg1 Qf7 32. Rxg7+ Kxg7 33. Rf1 Qh5 34. Qe1 Ng6 35. Rg1 Kf6 36. Rg2 Ke7 37. Rg3 Rc2 38. Rg2 Nh4 39. Rf2 Qg4 40. Qf1 h5 41. c5 dxc5 42. dxc5 Rxc5 43. Qa1 Rxd5 44. Qa3+ Rd6 45. Nf1 Qg6 46. Qc5 Kd7 47. Qb5+ Kc8 48. Ra2 Rb6 49. Qd5 Ra6 50. Rb2 Rc6 51. Ra2 Qe6 52. Qa5 Qc4 53. Rf2 Kb7 54. Qa1 Nf3 55. Rb2+ Rb6 56. Ra2 Ra6 57. Rxa6 Qxa6 58. Qxa6+ Kxa6 59. Ng3 c5 60. Nxf5 c4 61. Ng3 c3 62. Kg2 c2 63. Ne2 h4 64. Nc1 Ka5 65. Ne2 Kb4 66. Kf1 h3 67. Kf2 Nxh2 68. Kg3 Nf3 69. Kf2 h2 70. Kg2 Kc4 71. Nc1 Kc3 72. Kh1 Kd2 73. Nb3+ Kxe3 74. Kg2 Nd4 75. Nc1 Kd2 76. Kxh2 e3 77. Kg2 Kxc1 78. Kh3 e2 79. Kg4 e1Q 80. Kh5 Qg3 81. Kh6 Ne6 82. Kh5 Qg5# 0-1

[Event "CP-2018-P-00036"]
[Site "LSS email"]
[Date "2018.09.27"]
[Round "?"]
[White "Slatinsky, Milan"]
[Black "Bottoni, Carlo"]
[Result "1-0"]
[WhiteElo "1521"]
[BlackElo "1679"]
[PlyCount "53"]
[EventDate "2018.10.01"]
[EventType "tourn (corr)"]
[EventRounds "6"]
[EventCountry "GER"]
[SourceTitle "Corr 2022"]
[Source "ChessBase"]
[SourceDate "2021.10.24"]
[SourceVersion "1"]
[SourceVersionDate "2021.10.24"]
[SourceQuality "1"]

1. d4 d5 2. c4 e6 3. Nc3 Nf6 4. Nf3 c6 5. e3 Nbd7 6. Bd3 dxc4 7. Bxc4 Bd6 8. h3 0-0 9. 0-0 e5 10. Qc2 Qe7 11. b3 a5 12. a4 Bb4 13. Bb2 e4 14. Nd2 Re8 15. f3 exf3 16. Rxf3 Nb6 17. Bd3 Nbd5 18. e4 Bxc3 19. Bxc3 Nb4 20. Qb1 Be6 21. Qf1 Nxd3 22. Qxd3 Nd7 23. Rg3 f6 24. Re1 b6 25. Nc4 Bxc4 26. Qxc4+ Qf7 27. Qxc6 1-0

[Event "CP-2017-P-00043"]
[Site "LSS email"]
[Date "2017.09.27"]
[Round "?"]
[White "Bottoni, Carlo"]
[Black "Laine, Jari"]
[Result "0-1"]
[WhiteElo "1730"]
[BlackElo "1975"]
[PlyCount "146"]
[EventDate "2017.10.01"]
[EventType "tourn (corr)"]
[EventRounds "6"]
[EventCountry "GER"]
[SourceTitle "Corr 2022"]
[Source "ChessBase"]
[SourceDate "2021.10.24"]
[SourceVersion "1"]
[SourceVersionDate "2021.10.24"]
[SourceQuality "1"]

1. e4 g6 2. Nf3 Bg7 3. d4 d6 4. Nc3 c6 5. Be2 Nf6 6. 0-0 0-0 7. Re1 Nbd7 8. Be3 Qc7 9. Qd2 b5 10. a3 Bb7 11. Bh6 e5 12. Bxg7 Kxg7 13. Bd3 Ne8 14. Qg5 h6 15. Qe3 a6 16. Red1 Nef6 17. dxe5 dxe5 18. Nd2 Rfd8 19. a4 Nf8 20. Nb3 Ne6 21. Nc5 Nxc5 22. Qxc5 Nd7 23. Qe7 Re8 24. Qa3 Nf8 25. b4 Ne6 26. Qb2 Red8 27. axb5 cxb5 28. Ne2 Rd7 29. f3 Rc8 30. Ra3 h5 31. Rc3 Qb6+ 32. Kf1 Re8 33. Ra3 Nc7 34. Qc1 Qf6 35. Qe3 Ne6 36. Rc1 h4 37. c4 bxc4 38. Bxc4 h3 39. b5 Ng5 40. bxa6 Bxe4 41. Kg1 Red8 42. Rf1 Ba8 43. Ng3 Rd2 44. Be2 hxg2 45. Kxg2 Ne6 46. Kg1 Nf4 47. Re1 Qg5 48. Kh1 Rh8 49. Qf2 Qe7 50. Re3 Qc5 51. Qg1 Nh3 52. Rc1 Nf2+ 53. Qxf2 Qxc1+ 54. Nf1 Qa1 55. Kg1 Rc2 56. Qg3 Rh5 57. h4 Qd4 58. Qg4 Qb6 59. Kf2 Rf5 60. h5 Bxf3 61. Qxf3 Rxf3+ 62. Kxf3 Qf6+ 63. Kg2 Qxa6 64. Ng3 f5 65. Kh3 Qe6 66. Rd3 f4+ 67. Bg4 Qa2 68. Nf1 e4 69. h6+ Kxh6 70. Ra3 Qxa3+ 71. Ne3 Qxe3+ 72. Bf3 Qxf3+ 73. Kh4 g5# 0-1

[Event "CP-2017-P-00043"]
[Site "LSS email"]
[Date "2017.09.27"]
[Round "?"]
[White "Paetzold, Ortwin"]
[Black "Bottoni, Carlo"]
[Result "1-0"]
[WhiteElo "1948"]
[BlackElo "1730"]
[PlyCount "143"]
[EventDate "2017.10.01"]
[EventType "tourn (corr)"]
[EventRounds "6"]
[EventCountry "GER"]
[SourceTitle "Corr 2022"]
[Source "ChessBase"]
[SourceDate "2021.10.24"]
[SourceVersion "1"]
[SourceVersionDate "2021.10.24"]
[SourceQuality "1"]

1. e4 e5 2. Nf3 Nf6 3. Nxe5 d6 4. Nf3 Be7 5. Nc3 0-0 6. d4 d5 7. Bd3 dxe4 8. Nxe4 Nxe4 9. Bxe4 Nd7 10. c3 Nf6 11. Bc2 Qd5 12. h3 Re8 13. 0-0 Bd6 14. Ng5 Qc6 15. Bb3 Rf8 16. Re1 Bf5 17. Be3 Rae8 18. c4 Bb4 19. Bd2 Rxe1+ 20. Bxe1 Be7 21. Nf3 Qe6 22. Bd2 c5 23. d5 Qa6 24. Bf4 Re8 25. Qd2 Be4 26. Ng5 Bg6 27. Re1 h6 28. Nf3 Ne4 29. Qc1 Bd6 30. Bxd6 Qxd6 31. Bc2 f6 32. Nh4 Bh7 33. Re2 f5 34. Qe1 Rf8 35. Nxf5 Bxf5 36. Bxe4 Bd7 37. Bd3 b6 38. b3 Rf7 39. Re5 Qf6 40. Qe3 g6 41. Qg3 g5 42. Be2 Rf8 43. Bh5 Bf5 44. Qe3 Bc8 45. Qe1 Bf5 46. Re7 a5 47. g4 Bd3 48. Re6 Qd4 49. a4 Bc2 50. d6 Kh8 51. Rxh6+ Bh7 52. Bg6 Qxd6 53. Rxh7+ Kg8 54. Bc2 Rf7 55. Qe8+ Rf8 56. Qh5 Qf6 57. Bf5 Rf7 58. Rh6 Qa1+ 59. Kg2 Qf6 60. Rxf6 Rxf6 61. Be4 Kf8 62. Qh8+ Ke7 63. Qg7+ Rf7 64. Qxg5+ Kd7 65. Qe5 Kd8 66. Bc6 Kc8 67. g5 b5 68. g6 Ra7 69. g7 Rxg7+ 70. Qxg7 bxa4 71. bxa4 Kd8 72. Qd7# 1-0

[Event "IECC CL3-2017.02 email"]
[Site "IECC email"]
[Date "2017.02.07"]
[Round "?"]
[White "Bottoni, Carlo"]
[Black "Mahony, Michael J"]
[Result "0-1"]
[WhiteElo "1828"]
[BlackElo "1992"]
[PlyCount "138"]
[EventDate "2017.??.??"]
[EventType "tourn (corr)"]
[EventRounds "4"]
[SourceTitle "Corr 2020"]
[Source "ChessBase"]
[SourceDate "2019.09.30"]
[SourceVersion "1"]
[SourceVersionDate "2019.09.30"]
[SourceQuality "1"]
[WhiteTeam "Italy"]
[BlackTeam "United States"]
[WhiteTeamCountry "ITA"]
[BlackTeamCountry "USA"]

1. e4 e5 2. Nf3 Nf6 3. d4 Nxe4 4. Bd3 d5 5. Nxe5 Bd6 6. 0-0 0-0 7. Nd2 Bxe5 8. dxe5 Nc5 9. Nf3 Bg4 10. Be2 Nc6 11. Re1 Re8 12. Bf4 h6 13. c3 a6 14. Rc1 Qd7 15. Be3 Ne6 16. Rc2 Bf5 17. Rd2 Be4 18. b4 Rad8 19. b5 Na5 20. bxa6 bxa6 21. Nd4 Nxd4 22. Bxd4 Rb8 23. Bxa6 c5 24. Be3 c4 25. a4 Rb1 26. Qxb1 Bxb1 27. Bb5 Nc6 28. Rxb1 Rxe5 29. Ra1 Qe6 30. Bxc6 Qxc6 31. a5 Qa6 32. h3 Kh7 33. Bf4 Rf5 34. Be3 Re5 35. Bf4 Rf5 36. Be3 h5 37. Bd4 Rg5 38. Re2 h4 39. Kh1 Rg6 40. Rb2 Re6 41. Bb6 f6 42. Rd1 Re5 43. Kh2 Kg6 44. Rd4 Kh5 45. Rd1 Kg6 46. Rd4 Kh5 47. Rd1 Kh6 48. f4 Rf5 49. Ra1 d4 50. cxd4 Rxf4 51. Rc2 g5 52. Rac1 g4 53. hxg4 Qc8 54. Rxc4 Qxg4 55. R4c3 Rf2 56. Rg1 Ra2 57. Kh1 Qe4 58. Rf3 f5 59. Rgf1 Kg7 60. Kh2 Qg4 61. R1f2 Rxf2 62. Rxf2 Qg3+ 63. Kg1 h3 64. d5 f4 65. Kh1 Kf7 66. gxh3 Qxh3+ 67. Kg1 Qg4+ 68. Kh1 Qh5+ 69. Kg2 Qxd5+ 0-1

[Event "P-5025"]
[Site "IECC email"]
[Date "2017.01.22"]
[Round "?"]
[White "Beer, Stefanie"]
[Black "Bottoni, Carlo"]
[Result "1-0"]
[WhiteElo "1938"]
[BlackElo "1822"]
[PlyCount "167"]
[EventDate "2017.??.??"]
[EventType "tourn (corr)"]
[SourceTitle "Corr 2020"]
[Source "ChessBase"]
[SourceDate "2019.09.30"]
[SourceVersion "1"]
[SourceVersionDate "2019.09.30"]
[SourceQuality "1"]
[WhiteTeam "Germany"]
[BlackTeam "Italy"]
[WhiteTeamCountry "GER"]
[BlackTeamCountry "ITA"]

1. d4 Nf6 2. c4 e6 3. Nf3 d5 4. Nc3 c6 5. e3 Nbd7 6. Bd3 dxc4 7. Bxc4 b5 8. Be2 b4 9. Na4 Bb7 10. 0-0 Be7 11. Qc2 0-0 12. a3 a5 13. axb4 axb4 14. Bd2 Qa5 15. Rfc1 Rfc8 16. Be1 c5 17. Qd1 Qd8 18. dxc5 Nd5 19. Qb3 Nxc5 20. Nxc5 Rxc5 21. Rxa8 Qxa8 22. Rxc5 Bxc5 23. Qc4 Qa5 24. Nd4 Qb6 25. Qb5 Qxb5 26. Bxb5 h6 27. Nb3 Bf8 28. Na5 Nc7 29. Nxb7 Nxb5 30. Kf1 e5 31. Ke2 e4 32. Kd1 b3 33. Na5 Bd6 34. Nxb3 f5 35. h3 Kf7 36. Bc3 g5 37. g4 Kg6 38. Nd4 Nxd4 39. Bxd4 h5 40. gxh5+ Kxh5 41. Ke2 g4 42. hxg4+ fxg4 43. Bc3 Kg5 44. Kf1 Kf5 45. Kg2 Ke6 46. Bg7 Kd5 47. Bh6 Kc4 48. Bf4 Bf8 49. Be5 Kd5 50. Bc7 Ke6 51. Kg3 Kf5 52. Ba5 Bd6+ 53. Kh4 Be7+ 54. Kh5 Bc5 55. b4 g3 56. fxg3 Bxe3 57. b5 Ke6 58. Kg4 Bc5 59. Bc7 Kd7 60. b6 Kc6 61. Kf4 e3 62. Kf3 Kb7 63. Ke2 Kc6 64. g4 Be7 65. Kxe3 Bg5+ 66. Ke4 Be7 67. Kf5 Bb4 68. g5 Bc3 69. g6 Bg7 70. Be5 Bh6 71. Bd4 Kb7 72. Kf6 Kc6 73. g7 Bxg7+ 74. Kxg7 Kd6 75. Kf6 Kd5 76. b7 Kxd4 77. b8Q Kc4 78. Ke5 Kc5 79. Qc7+ Kb4 80. Kd5 Kb3 81. Kd4 Kb2 82. Qc3+ Ka2 83. Qb4 Ka1 84. Kc3 1-0

[Event "CP-2016-P-00021"]
[Site "LSS email"]
[Date "2016.09.27"]
[Round "?"]
[White "Hosak, Wilfried"]
[Black "Bottoni, Carlo"]
[Result "1-0"]
[WhiteElo "2179"]
[BlackElo "1791"]
[PlyCount "131"]
[EventDate "2016.10.01"]
[EventType "tourn (corr)"]
[EventRounds "6"]
[EventCountry "GER"]
[SourceTitle "Corr 2022"]
[Source "ChessBase"]
[SourceDate "2021.10.24"]
[SourceVersion "1"]
[SourceVersionDate "2021.10.24"]
[SourceQuality "1"]

1. c4 Nf6 2. Nc3 g6 3. d4 d5 4. cxd5 Nxd5 5. e4 Nxc3 6. bxc3 Bg7 7. Be3 0-0 8. Nf3 c5 9. Be2 Qa5 10. 0-0 Qxc3 11. Rc1 Qa3 12. Rxc5 Qxa2 13. d5 Nd7 14. Rc2 Qa3 15. Nd4 a6 16. Qd2 Nf6 17. Bf3 Rd8 18. Ra2 Qd6 19. Nb5 Qb8 20. Bf4 e5 21. dxe6 Rxd2 22. Rxd2 Bxe6 23. Bxb8 Rxb8 24. Nc7 Bh6 25. Rd4 Bf4 26. Nxe6 fxe6 27. Rd3 a5 28. Ra1 b6 29. e5 Bxe5 30. Re1 Bc7 31. Rxe6 Kf7 32. Rc6 Bd8 33. g4 h6 34. h4 g5 35. hxg5 hxg5 36. Bd1 b5 37. Rc5 Kg6 38. Bc2 Kf7 39. Rxg5 a4 40. Rf5 Ke7 41. g5 Nd7 42. Rfd5 Nf8 43. Re3+ Kf7 44. Rf5+ Kg7 45. Re8 Nh7 46. Rd5 Nxg5 47. Rdxd8 Rxd8 48. Rxd8 a3 49. Bb1 Ne6 50. Rd6 Nf4 51. Kf1 Kh8 52. Rd7 Ne6 53. Rh7+ Kg8 54. Ba2 Kxh7 55. Bxe6 Kg6 56. Ke2 Kf6 57. Bb3 Ke5 58. Ke3 Kf5 59. f4 Kg6 60. Ke4 Kf6 61. f5 b4 62. Ba2 Ke7 63. Ke5 Kd7 64. f6 Kc6 65. f7 Kd7 66. f8Q 1-0

[Event "CP-2016-P-00021"]
[Site "LSS email"]
[Date "2016.09.27"]
[Round "?"]
[White "Wilshusen, Horst"]
[Black "Bottoni, Carlo"]
[Result "0-1"]
[WhiteElo "1307"]
[BlackElo "1791"]
[PlyCount "36"]
[EventDate "2016.10.01"]
[EventType "tourn (corr)"]
[EventRounds "6"]
[EventCountry "GER"]
[SourceTitle "Corr 2022"]
[Source "ChessBase"]
[SourceDate "2021.10.24"]
[SourceVersion "1"]
[SourceVersionDate "2021.10.24"]
[SourceQuality "1"]

1. e4 e5 2. Nf3 Nc6 3. Nc3 Nf6 4. d4 exd4 5. Nxd4 Bb4 6. Nxc6 bxc6 7. Bd3 d5 8. exd5 cxd5 9. 0-0 0-0 10. Bd2 Re8 11. Re1 Be6 12. a3 Bd6 13. Ne2 Ng4 14. Ng3 Qh4 15. h3 Nxf2 16. Kxf2 Qxg3+ 17. Kf1 Bxh3 18. Qf3 Qxf3+ 0-1

[Event "BI-2015-P-0000"]
[Site "LSS email"]
[Date "2015.04.16"]
[Round "?"]
[White "Molina, Vicente Andres"]
[Black "Bottoni, Carlo"]
[Result "0-1"]
[WhiteElo "793"]
[BlackElo "1886"]
[PlyCount "42"]
[EventDate "2015.04.22"]
[EventType "tourn (corr)"]
[EventRounds "10"]
[EventCountry "GER"]
[SourceTitle "Corr 2022"]
[Source "ChessBase"]
[SourceDate "2021.10.24"]
[SourceVersion "1"]
[SourceVersionDate "2021.10.24"]
[SourceQuality "1"]

1. c4 Nf6 2. d4 e6 3. Nc3 Bb4 4. f3 d5 5. cxd5 Nxd5 6. Bd2 Qh4+ 7. g3 Qxd4 8. Nxd5 exd5 9. Bxb4 Qxb4+ 10. Qd2 Qb6 11. e4 dxe4 12. Bc4 0-0 13. Kf1 Nc6 14. Kg2 Be6 15. Bxe6 Rad8 16. Qf2 e3 17. Qe1 Rd2+ 18. Ne2 Qb5 19. Kf1 fxe6 20. h4 Nd4 21. Rh2 Nxf3 0-1

[Event "CP-2014-P-00021"]
[Site "LSS email"]
[Date "2014.09.30"]
[Round "?"]
[White "Bottoni, Carlo"]
[Black "Salonen, Jukka"]
[Result "0-1"]
[WhiteElo "1930"]
[BlackElo "1956"]
[PlyCount "118"]
[EventDate "2014.10.01"]
[EventType "tourn (corr)"]
[EventRounds "6"]
[EventCountry "GER"]
[SourceTitle "Corr 2022"]
[Source "ChessBase"]
[SourceDate "2021.10.24"]
[SourceVersion "1"]
[SourceVersionDate "2021.10.24"]
[SourceQuality "1"]

1. e4 e5 2. Nf3 Nc6 3. Bc4 Bc5 4. Nc3 Nf6 5. d3 d6 6. Na4 Bb6 7. c3 Be6 8. Bxe6 fxe6 9. 0-0 0-0 10. Qb3 Qe8 11. Ng5 d5 12. exd5 exd5 13. Ne4 Qf7 14. Nxf6+ gxf6 15. Nxb6 axb6 16. f4 e4 17. Be3 Rfe8 18. d4 f5 19. Qb5 Ra5 20. Qe2 Rea8 21. a3 Nd8 22. Bc1 Ne6 23. b3 c6 24. Bb2 Qf6 25. Rae1 b5 26. Qd2 R8a7 27. Rf3 exf3 28. Qe3 Nf8 29. Qxf3 b6 30. Qe3 Ng6 31. Qe8+ Kg7 32. Re6 Re7 33. Rxe7+ Qxe7 34. Qxe7+ Nxe7 35. Kf2 Ra7 36. Ke3 Ng8 37. Kd2 Re7 38. c4 bxc4 39. bxc4 dxc4 40. d5+ Kf7 41. dxc6 Rc7 42. Be5 Rxc6 43. Kc3 Ne7 44. a4 Nd5+ 45. Kc2 c3 46. Bd4 Nb4+ 47. Kb3 c2 48. Be3 Nd3 49. Bd2 c1Q 50. Bxc1 Rxc1 51. g3 Ke6 52. a5 bxa5 53. g4 Kd5 54. gxf5 Kc5 55. h3 a4+ 56. Ka2 Rc2+ 57. Ka1 Kc4 58. h4 Kb3 59. f6 Rc1# 0-1

[Event "BI-2014-F-0000"]
[Site "LSS email"]
[Date "2014.02.21"]
[Round "?"]
[White "Borodin, Sergej"]
[Black "Bottoni, Carlo"]
[Result "1-0"]
[WhiteElo "1680"]
[BlackElo "1950"]
[PlyCount "143"]
[EventDate "2014.02.27"]
[EventType "tourn (corr)"]
[EventRounds "10"]
[EventCountry "GER"]
[SourceTitle "Corr 2022"]
[Source "ChessBase"]
[SourceDate "2021.10.24"]
[SourceVersion "1"]
[SourceVersionDate "2021.10.24"]
[SourceQuality "1"]

1. e4 c5 2. Nf3 e6 3. d4 cxd4 4. Nxd4 Nc6 5. Nc3 Nf6 6. Bg5 d6 7. Qd2 a6 8. 0-0-0 h6 9. Nxc6 bxc6 10. Bf4 d5 11. Qe3 Be7 12. Be2 0-0 13. h4 Bb4 14. e5 Nd7 15. a3 Bc5 16. Qg3 Kh8 17. Bg5 f6 18. exf6 Nxf6 19. Be3 Bxe3+ 20. fxe3 c5 21. Rhf1 Qb6 22. Qe5 Bb7 23. g4 Nd7 24. Qg3 d4 25. Na4 Qc6 26. b3 e5 27. g5 Rxf1 28. Rxf1 Qg2 29. Qxg2 Bxg2 30. Rf7 hxg5 31. hxg5 Bc6 32. Bg4 Bxa4 33. bxa4 Nf8 34. Re7 Rd8 35. Rxe5 dxe3 36. Be2 a5 37. Rxe3 g6 38. Re5 Rc8 39. Bc4 Nh7 40. Kd2 Nf8 41. Kc3 Nd7 42. Re6 Nf8 43. Ra6 Nh7 44. Rxg6 Rd8 45. Bf7 Rc8 46. Kc4 Rf8 47. Bd5 Rd8 48. Kxc5 Nf8 49. Rg8+ Kh7 50. g6+ Kh6 51. Kc6 Rc8+ 52. Kb5 Rxc2 53. Rxf8 Rb2+ 54. Kxa5 Kxg6 55. Ka6 Rd2 56. Bc4 Rd1 57. a5 Ra1 58. Kb6 Rxa3 59. a6 Kg5 60. a7 Rxa7 61. Kxa7 Kg6 62. Rf7 Kg5 63. Kb6 Kh5 64. Rg7 Kh6 65. Rg8 Kh5 66. Kc5 Kh6 67. Kd6 Kh5 68. Ke5 Kh4 69. Kf4 Kh3 70. Be6+ Kh2 71. Bd5 Kh3 72. Rh8# 1-0

[Event "BI-2014-F-0000"]
[Site "LSS email"]
[Date "2014.02.21"]
[Round "?"]
[White "Dlugolecki, Grzegorz"]
[Black "Bottoni, Carlo"]
[Result "1-0"]
[WhiteElo "1598"]
[BlackElo "1950"]
[PlyCount "113"]
[EventDate "2014.02.27"]
[EventType "tourn (corr)"]
[EventRounds "10"]
[EventCountry "GER"]
[SourceTitle "Corr 2022"]
[Source "ChessBase"]
[SourceDate "2021.10.24"]
[SourceVersion "1"]
[SourceVersionDate "2021.10.24"]
[SourceQuality "1"]

1. e4 c5 2. Nf3 e6 3. d4 cxd4 4. Nxd4 Nc6 5. Nc3 Nf6 6. Ndb5 d6 7. Bf4 e5 8. Bg5 a6 9. Na3 b5 10. Nd5 Be7 11. Bxf6 Bxf6 12. c3 0-0 13. Nc2 Bg5 14. a4 bxa4 15. Rxa4 a5 16. b4 Be6 17. b5 Nb8 18. h4 Bh6 19. Ncb4 f5 20. exf5 Bxf5 21. g4 axb4 22. Rxa8 Be4 23. Rh3 bxc3 24. g5 c2 25. Qd2 c1B 26. Qxc1 Bxd5 27. Bc4 Bxc4 28. Qxc4+ d5 29. Qc5 Bxg5 30. hxg5 Qxg5 31. Rf3 Rd8 32. Qc7 h5 33. Qf7+ Kh7 34. Rg3 Qf6 35. Qxh5+ Kg8 36. Ra7 Rd7 37. Qe8+ Qf8 38. Rxd7 Qxe8 39. Rdxg7+ Kf8 40. Rg8+ Ke7 41. Rxe8+ Kxe8 42. Rg8+ Kd7 43. Rxb8 Kc7 44. Rh8 e4 45. Rh6 d4 46. Re6 Kb7 47. Rxe4 Kb6 48. Rxd4 Kc5 49. Rb4 Kxb4 50. b6 Kc5 51. b7 Kd5 52. b8Q Ke4 53. f4 Kd3 54. f5 Ke3 55. f6 Kd3 56. f7 Kd4 57. f8Q 1-0

[Event "BI-2014-F-0000"]
[Site "LSS email"]
[Date "2014.02.21"]
[Round "?"]
[White "Korinek, Jaroslav"]
[Black "Bottoni, Carlo"]
[Result "1-0"]
[WhiteElo "1686"]
[BlackElo "1950"]
[PlyCount "173"]
[EventDate "2014.02.27"]
[EventType "tourn (corr)"]
[EventRounds "10"]
[EventCountry "GER"]
[SourceTitle "Corr 2022"]
[Source "ChessBase"]
[SourceDate "2021.10.24"]
[SourceVersion "1"]
[SourceVersionDate "2021.10.24"]
[SourceQuality "1"]

1. e4 c5 2. Nf3 e6 3. d4 cxd4 4. Nxd4 Nc6 5. Nc3 Nf6 6. Ndb5 d6 7. Bf4 e5 8. Bg5 a6 9. Na3 b5 10. Bxf6 gxf6 11. Nd5 f5 12. Bd3 Be6 13. 0-0 Bxd5 14. exd5 Ne7 15. Nxb5 Bg7 16. Nc3 e4 17. Be2 h5 18. Qd2 h4 19. Nd1 Qb6 20. c3 Bh6 21. Ne3 Rb8 22. b3 h3 23. g3 f4 24. gxf4 Rg8+ 25. Kh1 Bxf4 26. Rg1 Kd7 27. Bh5 Rg2 28. Rxg2 hxg2+ 29. Kxg2 Rh8 30. Bxf7 Rxh2+ 31. Kg1 Bxe3 32. Qxe3 Qxe3 33. Be6+ Kc7 34. fxe3 Re2 35. Rf1 Ng6 36. Rf7+ Kb8 37. Rd7 Rxe3 38. Rxd6 Rg3+ 39. Kh2 Rg5 40. Bf5 Rxf5 41. Rxg6 Rxd5 42. Rxa6 Kb7 43. Re6 Rd3 44. c4 Rd2+ 45. Kg3 Rxa2 46. Rxe4 Rb2 47. Re3 Kb6 48. Rd3 Kc6 49. Kf3 Kc5 50. Rd5+ Kc6 51. Rb5 Rc2 52. Ke4 Rc3 53. Kd4 Rg3 54. b4 Rg4+ 55. Kc3 Rg3+ 56. Kb2 Rg4 57. Kb3 Rg3+ 58. Ka4 Rg1 59. Rc5+ Kb6 60. Rf5 Ra1+ 61. Kb3 Rb1+ 62. Ka3 Ra1+ 63. Kb2 Re1 64. Rf6+ Kb7 65. Kc3 Re3+ 66. Kd4 Rg3 67. c5 Rg4+ 68. Kc3 Rg1 69. Kc4 Rg4+ 70. Kb5 Rg7 71. c6+ Kc7 72. Rf5 Kd6 73. Kb6 Rg4 74. b5 Rc4 75. Rf1 Rc3 76. c7 Rc2 77. Rd1+ Ke5 78. Kb7 Rxc7+ 79. Kxc7 Kf4 80. b6 Kf3 81. b7 Ke2 82. Rd7 Kf2 83. b8Q Kf3 84. Re7 Kg4 85. Qf8 Kh4 86. Rg7 Kh5 87. Qh8# 1-0

[Event "IECC 2014-1.03"]
[Site "IECC email"]
[Date "2014.01.05"]
[Round "?"]
[White "Pivirotto, Filiberto"]
[Black "Bottoni, Carlo"]
[Result "0-1"]
[WhiteElo "1633"]
[BlackElo "1831"]
[PlyCount "120"]
[EventDate "2014.??.??"]
[EventType "tourn (corr)"]
[SourceTitle "Corr 2020"]
[Source "ChessBase"]
[SourceDate "2019.09.30"]
[SourceVersion "1"]
[SourceVersionDate "2019.09.30"]
[SourceQuality "1"]
[WhiteTeam "Italy"]
[BlackTeam "Italy"]
[WhiteTeamCountry "ITA"]
[BlackTeamCountry "ITA"]

1. b3 e5 2. Bb2 Nc6 3. e3 d6 4. Nf3 Nf6 5. c4 g6 6. Nc3 Bg7 7. Be2 0-0 8. 0-0 Re8 9. Rc1 e4 10. Ne1 Ne5 11. d4 exd3 12. Nxd3 Bf5 13. Nf4 c6 14. Qd2 Qb6 15. Rfd1 Rad8 16. Na4 Qc7 17. Qe1 b6 18. f3 Qe7 19. e4 Bc8 20. Rc2 g5 21. Nd3 Ng6 22. Nc3 g4 23. Qg3 gxf3 24. Bxf3 h5 25. Rf1 h4 26. Qf2 Nd7 27. Ne2 Bxb2 28. Rxb2 Qg5 29. Nd4 Nde5 30. Be2 Nxd3 31. Bxd3 Ne5 32. Nf3 Qf4 33. Be2 h3 34. g3 Qf6 35. Nd4 Qxf2+ 36. Rxf2 d5 37. cxd5 cxd5 38. exd5 Rxd5 39. Nb5 Red8 40. Nc3 Rd4 41. Rc2 Bg4 42. Bf1 Kg7 43. a3 Nf3+ 44. Kh1 Nd2 45. b4 Nxf1 46. Rxf1 Rc4 47. Kg1 Rdc8 48. Rf4 Rxf4 49. gxf4 Rc4 50. Kf2 Rxf4+ 51. Ke3 Rf3+ 52. Kd4 Kg6 53. Ne4 Rxa3 54. Rc6+ Be6 55. Nf2 Kg5 56. Ne4+ Kf4 57. Rc1 Ra2 58. Rf1+ Kg4 59. Nf6+ Kh4 60. Rh1 Rb2 0-1